000 00519nam a22001697a 4500
005 20251108164742.0
008 250721s1992 xx 000 0 ara d
082 1 4 _a808.87/عبد
100 1 _aشرف، عبد العزيز
245 1 0 _aالأدب الفكاهي /
264 1 _aالقاهرة :
_bالشركة المصرية العالمية للنشر - لونجمان،
_c1992.
300 _a168ص
490 0 _aأدبيات
650 1 7 _aالفكاهة و النوادر
942 _2ddc
_cBK
999 _c13472
_d13472